Les homonymes dans la langue française - lettre C - Statistiques

Statistiques générales
  • Ce quiz a été pris 290 fois
  • Le résultat moyen est 40 sur 48
Statistiques - réponses
Mot Indice Homonyme % Correct
champ mélodie chant
96%
chaine arbre chêne
96%
clause fermée close
96%
choeur moteur humain coeur
96%
compte histoire conte
96%
camp adverbe interrogatif quand
96%
coi hein ? quoi
96%
chaire viande chair
95%
capital Paris capitale
94%
canne volatile cane
93%
chaire onéreux cher
93%
chut ! tombée chute
93%
chlore fermer clore
93%
contant satisfait content
93%
cour leçon cours
93%
cou prix cout
93%
cygne geste de la main signe
93%
cuir chauffer cuire
92%
cap ... et d'épée cape
91%
chaud spectacle (anglais) show
91%
compteur narrateur conteur
90%
cal soute du bateau cale
89%
compte noble comte
89%
coq enveloppe dure coque
89%
cire roi sire
89%
contage action de compter comptage
88%
cour ras court
88%
car 25% quart
88%
cache comptant (anglais) cash
87%
cor de métier par exemple corps
86%
censé judicieux sensé
86%
carte petit véhicule monoplace kart
85%
contant argent comptant
84%
coin fruit coing
81%
cou atemi coup
80%
canaux petite embarcation canot
79%
chemineau S.N.C.F cheminot
79%
camp en ce qui concerne quant
79%
clair huître claire
78%
cric anse crique
78%
cahot néant chaos
73%
clair notaire clerc
71%
colon cancer côlon
69%
chaud sert dans l'agriculture chaux
67%
chat aiguille chas
65%
chat Iran shah
51%
craie escarpement rocheux crêt
49%
chorale enclos corral
27%
Aucun quiz correspondant
Distribution des résultats
% des personnes avec chaque résultat
Percentile par nombre de réponses
Votre historique - résultats
Vous n’avez pas pris ce quiz